000 00600nam a2200229Ia 4500
003 OSt
005 20221007064450.0
006 a|||||r|||| 00| 0
007 ta
008 221006b |||||||| |||| 00| 0 eng d
024 _a14,403
037 _cTextual
040 _aFLL
_cFLL
_beng
041 _2eng
_aeng
082 _aX:8, P2
100 _aChhabra T.N.
245 0 _aHuman resource management concepts and issues
260 _aDelhi
_bDhanpat Rai & Co. (P) Ltd. India
_c2002
300 _a678p
_ccm.
942 _hX:8, P2
_cTEXL
_2CC
999 _c1134167
_d1134167